Tracks that hosted more than ten F1 grand prixes (sudden death) - Statistics

General Stats
  • This quiz has been taken 87 times
  • The average score is 4 of 15
Answers on the Grid
Answers color-coded by a green-red scale on the quiz's grid according to % correct below.
Nürburgring (DEU)
Istanbul Park (TUR)
Brands Hatch (GBR)
Marina Bay (SGP)
Mugello (ITA)
Zolder (BEL)
Sochi (RUS)
Watkins Glen (USA)
Hermanos Rodríguez (MEX)
Aintree (GBR)
Jerez de la Frontera (ESP)
Baku (AZE)
Valencia (ESP)
Kyalami (ZAF)
Montjuïc (ESP)
Estoril (PRT)
Bremgarten (CHE)
Sepang (MYS)
Zandvoort (NLD)
AVUS (DEU)
Donington Park (GBR)
Ain-Diab (MAR)
Jacarepaguà (BRA)
Detroit (USA)
Le Castellet-Paul Ricard (FRA)
Buenos Aires (ARG)
Mount Fuji (JPN)
Rouen-Les Essarts (FRA)
Shanghai (CHN)
Hinterstoisser-Zeltweg (AUT)
 
Answer Stats
Answer % Correct
Nürburgring (DEU)
73%
Marina Bay (SGP)
52%
Zandvoort (NLD)
45%
Shanghai (CHN)
41%
Hermanos Rodríguez (MEX)
32%
Baku (AZE)
30%
Brands Hatch (GBR)
27%
Sepang (MYS)
27%
Kyalami (ZAF)
18%
Le Castellet-Paul Ricard (FRA)
18%
Buenos Aires (ARG)
14%
Estoril (PRT)
9%
Watkins Glen (USA)
7%
Zolder (BEL)
5%
Jacarepaguà (BRA)
0%
No matching quizzes found
Score Distribution
Percent of People with Each Score
Percentile by Number Answered
Your Score History
You have not taken this quiz